[Event "Lisbon Portugal op"]
[Site "Lisbon"]
[Date "2017.02.04"]
[Round "1"]
[White "Rodriguez, Juan Talavera"]
[Black "Martins, Andre Manuel"]
[Result "1-0"]
[WhiteElo "2007"]
[BlackElo "1294"]
[PlyCount "101"]
[EventDate "2017.02.04"]
[EventType "swiss"]
[EventRounds "9"]
[EventCountry "POR"]
[SourceTitle "CBM 176 Extra"]
[Source "ChessBase"]
[SourceDate "2017.03.02"]
[SourceVersion "1"]
[SourceVersionDate "2017.03.02"]
[SourceQuality "1"]

1. e4 g6 2. d4 d6 3. Be3 Nf6 4. Nc3 c6 5. f3 b5 6. Qd2 Qa5 7. Nge2 Bg7 8. Nc1 Nbd7 9. Nb3 Qc7 10. Bh6 0-0 11. h4 Bxh6 12. Qxh6 Kh8 13. h5 Rg8 14. hxg6 Rxg6 15. Qh2 e5 16. 0-0-0 Bb7 17. Kb1 a5 18. f4 Rg7 19. Bd3 a4 20. Nd2 b4 21. Ne2 Ba6 22. Bxa6 Rxa6 23. Rdf1 exf4 24. Rxf4 Ra5 25. Ng3 Rag5 26. Nf5 Rxg2 27. Qh4 Rg1+ 28. Rf1 Rxf1+ 29. Rxf1 Rg4 30. Qh3 Rg5 31. Nf3 Rg4 32. Nh6 Rg7 33. Qh4 Ng8 34. Nf5 Rg6 35. Ng5 Ndf6 36. Rh1 h6 37. e5 dxe5 38. dxe5 Nd5 39. Nd6 Rg7 40. Ne8 Qxe5 41. Nxg7 Qxg7 42. Qh5 Ndf6 43. Nxf7+ Kh7 44. Qf5+ Qg6 45. Ng5+ Kg7 46. Ne6+ Kf7 47. Nd8+ Kg7 48. Qf2 Qe8 49. Qg2+ Kh8 50. Rg1 Qxd8 51. Qg7# 1-0